=LDR 00000nam 2200000 4500 =001 INLIS000000000030292 =005 20130612132440 =008 ***********************************Ind** =035 ##$$0010-061300000030292 =041 ##$$a Ind =082 ##$$a F.Rom.K =090 ##$$a F.Rom.K, Sud k =100 ##$$a Sudharto, Threes D Utari =245 ##$$a Kera yang sok pandai, Threes D Utari Sudharto =260 ##$$a 1996 $b Yogyakarta =300 ##$$a 27 hlm, ilus, 15 cm =650 ##$$a Fiksi kanak-kanak =850 ##$$a NBPNMAT